00533nam a2200145 a 450000500170000000800410001705000240005810000170008224500480009926000450014744000450019265000170023799900190025495201140027320140414132059.0100524s19uu xx 00 eng d aREF 551.4bB35 1993 aBailey, Jill aThe illustrated dictionary of oceanography. aWiltshire, UK :bMerlion pub ltd,c1993. aThe illustrated dictionaries of science. aOceanography c114409d114409 001040aMUbMUcREFd2010-05-24eDonationl0oREF 551.4 B35 1993pM6225r2014-04-14 00:00:00w2014-04-14yBK